[Event "I liga CS 2016."]
[Site "Kragujevac,hotel Sumarice"]
[Date "2016.09.14"]
[Round "6.1"]
[White "Enchev, Ivajlo"]
[Black "Cvetkovic, Zoran"]
[Result "1-0"]
[WhiteElo "2451"]
[BlackElo "1728"]
[PlyCount "65"]
[EventDate "2016.09.10"]

1. d4 d5 2. c4 Nc6 3. Nf3 Bg4 4. Nc3 e6 5. Bf4 a6 6. e3 Bd6 7. Bg3 Nf6 8. Be2
O-O 9. cxd5 Nxd5 10. O-O Nxc3 11. bxc3 Ne7 12. Bh4 f6 13. Qb3 Qc8 14. a4 c6 15.
Bg3 Bxg3 16. hxg3 Rb8 17. a5 Qc7 18. Bc4 b6 19. axb6 Rxb6 20. Bxe6+ Bxe6 21.
Qxe6+ Kh8 22. Qc4 Qb7 23. Nd2 Rd8 24. Ne4 Nd5 25. Nc5 Qe7 26. e4 Nc7 27. Rfe1
Ra8 28. Na4 Rb5 29. Nc5 a5 30. Qd3 g6 31. e5 f5 32. Rab1 Rxb1 33. Rxb1 1-0

[Event "I liga CS 2016."]
[Site "Kragujevac,hotel Sumarice"]
[Date "2016.09.14"]
[Round "6.1"]
[White "Ilic, Zoran S"]
[Black "Radovanovic, Nikola"]
[Result "1/2-1/2"]
[WhiteElo "2279"]
[BlackElo "2396"]
[PlyCount "25"]
[EventDate "2016.09.10"]

1. d4 Nf6 2. c4 g6 3. g3 Bg7 4. Bg2 O-O 5. Nf3 d6 6. Nc3 Nc6 7. O-O a6 8. Bf4
Rb8 9. Rc1 Bd7 10. Qd2 Re8 11. d5 Na5 12. b3 c5 13. dxc6 1/2-1/2

[Event "I liga CS 2016."]
[Site "Kragujevac,hotel Sumarice"]
[Date "2016.09.14"]
[Round "6.1"]
[White "Zlatanovic, Boroljub"]
[Black "Milosavljevic, Ivan"]
[Result "1-0"]
[WhiteElo "2392"]
[BlackElo "2113"]
[PlyCount "83"]
[EventDate "2016.09.10"]

1. Nc3 Nf6 2. e4 e5 3. Nf3 Nc6 4. Bb5 Bc5 5. O-O d6 6. d4 exd4 7. Nxd4 Bd7 8.
Nxc6 bxc6 9. Be2 h6 10. Qd3 O-O 11. Qg3 Kh8 12. Be3 Bb6 13. Rfe1 Qe7 14. Bd3
Bxe3 15. Qxe3 Ng4 16. Qg3 Qe5 17. Qxe5 Nxe5 18. f4 Nxd3 19. cxd3 Rab8 20. Re2
Rb4 21. Rc1 Re8 22. Kf2 Bg4 23. Rd2 f5 24. Kg3 Rf8 25. Re1 Bh5 26. e5 Re8 27.
d4 Bf7 28. Kf2 c5 29. exd6 cxd6 30. Rxe8+ Bxe8 31. dxc5 Rxf4+ 32. Ke3 Rc4 33.
cxd6 Bd7 34. Rd4 Rc6 35. Kf4 g5+ 36. Ke5 Kg7 37. Rb4 Bc8 38. d7 Bxd7 39. Rb7
Re6+ 40. Kd5 Re7 41. Kd6 Kf6 42. Nd5+ 1-0

[Event "I liga CS 2016."]
[Site "Kragujevac,hotel Sumarice"]
[Date "2016.09.14"]
[Round "6.1"]
[White "Todorovic, Nenad I"]
[Black "Novoselski, Zoran"]
[Result "0-1"]
[WhiteElo "2251"]
[BlackElo "2323"]
[PlyCount "74"]
[EventDate "2016.09.10"]

1. e4 e5 2. Nf3 Nc6 3. Bb5 a6 4. Ba4 d6 5. Bxc6+ bxc6 6. d4 f6 7. Nc3 Ne7 8.
Be3 Ng6 9. Qd2 Be7 10. O-O-O Be6 11. h4 h5 12. Qe2 Qb8 13. d5 cxd5 14. Nxd5 Qb7
15. Qc4 Kf7 16. Qd3 a5 17. Kb1 Rhb8 18. Qa3 Bf8 19. Bc1 c6 20. Ne3 d5 21. Qa4
Nf4 22. c3 Ne2 23. Qc2 Nxc1 24. Rxc1 Ba3 25. Nd1 a4 26. Ka1 Bc5 27. Nd2 Ra6 28.
Rb1 Rb6 29. Ne3 Qa6 30. Rhf1 d4 31. Nf5 Bb3 32. Qc1 d3 33. Qe1 Bc2 34. Ne3 Bxb1
35. Nxb1 Rxb2 36. Nd2 Bxe3 37. Qxe3 Qb5 0-1

[Event "I liga CS 2016."]
[Site "Kragujevac,hotel Sumarice"]
[Date "2016.09.14"]
[Round "6.1"]
[White "Radovic, Janko"]
[Black "Djukic, Nebojsa"]
[Result "1-0"]
[WhiteElo "2258"]
[BlackElo "2196"]
[PlyCount "63"]
[EventDate "2016.09.10"]

1. e4 e6 2. d4 d5 3. Nc3 Nf6 4. Bg5 Be7 5. e5 Nfd7 6. Bxe7 Qxe7 7. f4 a6 8. Nf3
c5 9. dxc5 Nc6 10. Bd3 Qxc5 11. Qd2 f6 12. exf6 Nxf6 13. O-O-O O-O 14. Rde1 Bd7
15. Rhf1 Rae8 16. Kb1 b5 17. h3 Nh5 18. Ne5 Nxe5 19. Rxe5 g6 20. g4 Ng7 21. Ne4
Qc7 22. Ng3 a5 23. h4 Rf6 24. h5 Ref8 25. hxg6 hxg6 26. Qe3 g5 27. Rxg5 Rxf4
28. Rxf4 Qxf4 29. Rxg7+ Kh8 30. Qxf4 Rxf4 31. Rxd7 Rxg4 32. Ne2 1-0

[Event "I liga CS 2016."]
[Site "Kragujevac,hotel Sumarice"]
[Date "2016.09.14"]
[Round "6.1"]
[White "Grkovic, Vladan"]
[Black "Radovic, Luka"]
[Result "1-0"]
[WhiteElo "2178"]
[BlackElo "2254"]
[PlyCount "71"]
[EventDate "2016.09.10"]

1. d4 g6 2. e4 Bg7 3. c4 d6 4. Nc3 Nc6 5. Be3 e5 6. d5 Nce7 7. g4 Nf6 8. f3 O-O
9. Qd2 Ne8 10. g5 f5 11. h4 f4 12. Bf2 c5 13. a3 a5 14. Nge2 Nc7 15. Bxc5 dxc5
16. d6 Nc6 17. dxc7 Qxc7 18. Nd5 Qd8 19. Bh3 h5 20. Bxc8 Rxc8 21. Kf2 Nd4 22.
Nxd4 exd4 23. e5 Bxe5 24. Rae1 Qd6 25. Re2 Rf5 26. Qxa5 d3 27. Re4 b5 28. b3
bxc4 29. bxc4 Bd4+ 30. Kg2 Rb8 31. Rd1 Rb2+ 32. Rd2 Rb1 33. Rxd3 Rf8 34. Rd2
Rfb8 35. Rde2 Qd7 36. Rxd4 1-0

[Event "I LIGA CS 2016"]
[Site "Kragujevac"]
[Date "2016.09.14"]
[Round "6.1"]
[White "Lalic, Bogdan"]
[Black "Stankovic, Milos"]
[Result "1-0"]
[WhiteElo "2434"]
[BlackElo "2410"]
[PlyCount "133"]
[EventDate "2016.??.??"]
[WhiteClock "0:21:17"]
[BlackClock "0:44:38"]

1. d4 Nf6 2. Nf3 e6 3. g3 b5 4. Bg2 Bb7 5. O-O c5 6. Na3 Qb6 7. c4 bxc4 8. Nxc4
Qa6 9. b3 cxd4 10. Bb2 Nc6 11. Nxd4 Nxd4 12. Qxd4 Bxg2 13. Kxg2 d5 14. Ne5 Be7
15. Qd3 Qxd3 16. exd3 Nd7 17. Nxd7 Kxd7 18. Bxg7 Rhc8 19. Bd4 Ba3 20. f4 a5 21.
Rae1 Rc2+ 22. Rf2 Rac8 23. Ree2 Rxe2 24. Rxe2 Rc1 25. Be3 Rd1 26. Rd2 Re1 27.
Bb6 Bb4 28. Rc2 Rd1 29. d4 Rb1 30. Kh3 Ke7 31. Kg4 Kf6 32. Kh5 Kf5 33. Re2 Bc3
34. Re3 Rh1 35. h4 Bd2 36. Re5+ Kf6 37. Bd8+ Kg7 38. f5 Be1 39. fxe6 fxe6 40.
Rxe6 Bxg3 41. Re7+ Kg8 42. Rd7 a4 43. bxa4 Rd1 44. a5 Rxd4 45. a6 Ra4 46. a7
Bf2 47. Ba5 Rxh4+ 48. Kg5 h6+ 49. Kf5 Bxa7 50. Rxa7 Ra4 51. Kg6 Rg4+ 52. Kxh6
Ra4 53. Kg6 Rg4+ 54. Kf6 Rf4+ 55. Ke6 d4 56. Ke5 Rh4 57. Bb4 d3 58. a3 Rh3 59.
Kd4 Rf3 60. Kc4 Rh3 61. Rd7 Rf3 62. Rxd3 Rxd3 63. Kxd3 Kf7 64. Kc4 Ke6 65. Kb5
Kd7 66. Kb6 Kc8 67. Bd6 1-0

[Event "I LIGA CS 2016"]
[Site "Kragujevac"]
[Date "2016.09.14"]
[Round "6.2"]
[White "Nestorovic, Dejan"]
[Black "Peric, Slavisa"]
[Result "1-0"]
[WhiteElo "2380"]
[BlackElo "2160"]
[PlyCount "83"]
[EventDate "2016.??.??"]

1. d4 d5 2. c4 c6 3. Nf3 Nf6 4. Nc3 e6 5. e3 Nbd7 6. Qc2 a6 7. b3 Be7 8. Be2 b6
9. O-O Bb7 10. Bb2 O-O 11. e4 dxe4 12. Nxe4 c5 13. Bd3 Nxe4 14. Bxe4 Bxe4 15.
Qxe4 Bf6 16. Rad1 Qc7 17. Rd2 Rad8 18. Rfd1 cxd4 19. Bxd4 Nc5 20. Qe3 Bxd4 21.
Rxd4 Rxd4 22. Rxd4 Rd8 23. b4 Nb7 24. h3 Rxd4 25. Qxd4 h6 26. Nd2 Qd6 27. Qc3
Qc6 28. Nb3 Kf8 29. Qe5 Nd6 30. c5 bxc5 31. Qxc5 Qd7 32. Qb6 Ne4 33. Qxa6 Qd1+
34. Kh2 Qc2 35. Qb6 g5 36. Nc5 Nxf2 37. Qd8+ Kg7 38. Nd7 Qb2 39. Qf8+ Kg6 40.
Qg8+ Qg7 41. Qxg7+ Kxg7 42. b5 1-0

[Event "I LIGA CS 2016"]
[Site "Kragujevac"]
[Date "2016.09.14"]
[Round "6.3"]
[White "Maksimovic, Branimir"]
[Black "Markovic, Zoran S"]
[Result "0-1"]
[WhiteElo "2341"]
[BlackElo "2363"]
[PlyCount "98"]
[EventDate "2016.??.??"]
[WhiteClock "0:57:39"]
[BlackClock "0:14:52"]

1. Nf3 d5 2. c4 e6 3. g3 Nf6 4. Bg2 Be7 5. O-O O-O 6. b3 c5 7. e3 Nc6 8. Bb2 b6
9. Nc3 Bb7 10. cxd5 Nxd5 11. Nxd5 exd5 12. d4 a5 13. Re1 Qd7 14. dxc5 bxc5 15.
e4 d4 16. Bf1 Ba6 17. Bxa6 Rxa6 18. Kg2 a4 19. Nd2 Rfa8 20. Nc4 axb3 21. axb3
Rxa1 22. Bxa1 Qb7 23. Qf3 Na5 24. Nxa5 Rxa5 25. e5 Qd7 26. Bb2 Bf8 27. Re2 Rb5
28. Rd2 Qe6 29. Rd3 Qxe5 30. Qc6 Qb8 31. Qd5 Qb7 32. Qxb7 Rxb7 33. Bc1 f6 34.
Kf3 Kf7 35. Ke4 Ke6 36. g4 g6 37. Rf3 Bd6 38. h3 h5 39. Bd2 h4 40. Be1 Be5 41.
b4 c4 42. Ra3 f5+ 43. gxf5+ gxf5+ 44. Kf3 Bd6 45. Ra6 Rb5 46. Ke2 Kd5 47. f3
d3+ 48. Kd1 Bxb4 49. Bxh4 c3 0-1

[Event "I LIGA CS 2016"]
[Site "Kragujevac"]
[Date "2016.09.14"]
[Round "6.4"]
[White "Milenkovic, Mladen"]
[Black "Panic, Nenad"]
[Result "1/2-1/2"]
[WhiteElo "2344"]
[BlackElo "2340"]
[PlyCount "88"]
[EventDate "2016.??.??"]
[WhiteClock "0:17:44"]
[BlackClock "0:26:16"]

1. e4 d6 2. d4 g6 3. Nc3 Bg7 4. f4 c6 5. Nf3 Bg4 6. Be3 d5 7. e5 Qb6 8. b3 Qb4
9. Qd2 Bxf3 10. gxf3 e6 11. Bd3 Ne7 12. a3 Qa5 13. Na4 Qxd2+ 14. Kxd2 Nd7 15.
c4 Nb6 16. Nc5 O-O-O 17. Ke2 Bh6 18. h4 Nf5 19. Bxf5 gxf5 20. Kd3 Na8 21. Kc3
Nc7 22. a4 Rhg8 23. Rhg1 b6 24. Nd3 Kb7 25. c5 Ra8 26. b4 b5 27. a5 Raf8 28.
Nf2 Kc8 29. Nh3 Kd7 30. Ng5 Rg7 31. Rg3 Rfg8 32. Rag1 Ne8 33. Bf2 Rh8 34. Kd3
f6 35. Nh3 Rhg8 36. Ng5 Rh8 37. Re1 fxg5 38. fxg5 Rg6 39. gxh6 Rxg3 40. Bxg3
Rg8 41. Bf4 Rg2 42. Rh1 Ke7 43. Rh3 Kf7 44. h5 Nc7 1/2-1/2

[Event "I LIGA CS 2016"]
[Site "Kragujevac"]
[Date "2016.09.14"]
[Round "6.5"]
[White "Ilic, Dragan M"]
[Black "Organdziev, Oliver"]
[Result "1-0"]
[WhiteElo "2333"]
[BlackElo "2259"]
[PlyCount "97"]
[EventDate "2016.??.??"]
[WhiteClock "0:24:58"]
[BlackClock "0:22:40"]

1. d4 d5 2. c4 Bf5 3. Qb3 e5 4. cxd5 exd4 5. Nf3 Bc5 6. Nxd4 Bxd4 7. Qa4+ Nc6
8. dxc6 b5 9. Qb3 Ne7 10. e3 O-O 11. exd4 Re8 12. Be3 Nxc6 13. Be2 Nxd4 14.
Bxd4 Qxd4 15. Nc3 b4 16. Rd1 Qc5 17. Rd5 Qe7 18. Rxf5 bxc3 19. O-O Qxe2 20.
Qxf7+ Kh8 21. bxc3 Rad8 22. g3 Qe6 23. Qxe6 Rxe6 24. Rf7 Ra6 25. Re1 Rxa2 26.
Ree7 Rg8 27. Rxc7 Rc2 28. Rf3 Ra2 29. c4 h6 30. c5 Rc2 31. Rf5 Ra8 32. Rff7 Rg8
33. Rc6 Kh7 34. h4 a5 35. h5 a4 36. Ra7 Rc4 37. Kg2 Kh8 38. Rcc7 Kh7 39. f4 Kh8
40. Kh3 Rc2 41. Rxa4 Rc1 42. Ra6 Rh1+ 43. Kg4 Rc1 44. Rg6 Rh1 45. c6 Rc1 46.
Rf7 Rc4 47. c7 Rc8 48. Rgxg7 R8xc7 49. Rh7+ 1-0

[Event "I LIGA CS 2016"]
[Site "Kragujevac"]
[Date "2016.09.14"]
[Round "6.6"]
[White "Dudukovic, Nikola"]
[Black "Zivkovic, Vladislav"]
[Result "1-0"]
[WhiteElo "2356"]
[BlackElo "2166"]
[PlyCount "79"]
[EventDate "2016.??.??"]
[WhiteClock "0:17:11"]
[BlackClock "0:00:46"]

1. e4 c6 2. d4 d5 3. e5 Bf5 4. Nf3 e6 5. Be2 c5 6. O-O Nc6 7. c4 dxc4 8. dxc5
Bxc5 9. Nbd2 Bd3 10. Nxc4 Bxc4 11. Bxc4 Nge7 12. Qe2 Qc7 13. Bf4 O-O 14. Rac1
Qb6 15. Ng5 h6 16. Nf3 Nf5 17. Bd3 Nce7 18. b4 Bd4 19. g4 Ng6 20. Qe4 Bb2 21.
Rc2 Nd4 22. Rxb2 Nxf3+ 23. Qxf3 Qd4 24. Bc1 Nxe5 25. Qe4 Qxe4 26. Bxe4 Nxg4 27.
Bxb7 Rad8 28. Be3 Rd7 29. Bc6 Rc7 30. b5 Rb8 31. Rd1 Nxe3 32. fxe3 Kh7 33. Rbd2
a6 34. a4 axb5 35. axb5 Ra7 36. Rd7 Rxd7 37. Rxd7 Kg6 38. Ra7 f5 39. Ra8 Rb6
40. Ra6 1-0

[Event "I LIGA CS 2016"]
[Site "Kragujevac"]
[Date "2016.09.14"]
[Round "6.7"]
[White "Petkov, Vladimir"]
[Black "Dimitrov, Radoslav"]
[Result "1-0"]
[WhiteElo "2514"]
[BlackElo "2489"]
[PlyCount "125"]
[EventDate "2016.??.??"]
[WhiteClock "0:03:08"]
[BlackClock "0:00:35"]

1. Nf3 Nf6 2. g3 b5 3. Bg2 Bb7 4. O-O e6 5. b3 c5 6. Na3 b4 7. Nc4 d5 8. Nce5
Bd6 9. a3 O-O 10. axb4 cxb4 11. Bb2 Nbd7 12. Ra4 Qc7 13. Qa1 Nb6 14. Ra2 a5 15.
Rc1 a4 16. Nd3 Ba6 17. Bxf6 gxf6 18. Nd4 Be5 19. bxa4 Bc4 20. Nxe5 fxe5 21. Nb3
Bxe2 22. Re1 Bh5 23. Rxe5 Bg6 24. Re1 Ra7 25. d3 Rfa8 26. a5 Nd7 27. Qd4 Rb8
28. h4 Ra6 29. Rb1 f6 30. Qe3 Bf7 31. d4 Qd6 32. Bf1 Ra7 33. Bd3 Rc8 34. Qh6
Bg6 35. Bxg6 hxg6 36. Qxg6+ Kf8 37. Re1 Rc3 38. h5 Qe7 39. Ra4 Rc4 40. Qh6+ Kg8
41. Raa1 Qf7 42. Re2 e5 43. Kg2 Qh7 44. Qxh7+ Kxh7 45. dxe5 fxe5 46. Rd1 Nf6
47. Rxe5 Rxc2 48. Rd4 Ne4 49. Rexd5 Rxf2+ 50. Kh3 Re2 51. Nc5 Nf2+ 52. Kh4 Rc2
53. a6 b3 54. Rd7+ Rxd7 55. Rxd7+ Kh6 56. Rd6+ Kh7 57. Ne6 Rc4+ 58. Nf4 b2 59.
Rb6 Nd3 60. a7 Rb4 61. a8=Q b1=Q 62. Rh6+ Kg7 63. Qh8+ 1-0

[Event "I LIGA CS 2016"]
[Site "Kragujevac"]
[Date "2016.09.14"]
[Round "6.8"]
[White "Zivkovic, Nemanja"]
[Black "Paunovic, Tomislav"]
[Result "1/2-1/2"]
[WhiteElo "2260"]
[BlackElo "2347"]
[PlyCount "58"]
[EventDate "2016.??.??"]
[WhiteClock "0:12:29"]
[BlackClock "0:08:55"]

1. e4 g6 2. d4 Bg7 3. Nc3 d5 4. exd5 Nf6 5. Bc4 Nbd7 6. Bb3 Nb6 7. Qf3 Bg4 8.
Qg3 Bf5 9. Qf3 Bg4 10. Qf4 Bf5 11. Qf3 Bg4 12. Qg3 Bf5 13. Nge2 Nfxd5 14. Nxd5
Nxd5 15. c3 c6 16. Nf4 O-O 17. O-O a5 18. a4 Ra6 19. Bc4 Rb6 20. Nd3 Qd6 21.
Qf3 Bxd3 22. Bxd3 c5 23. dxc5 Qxc5 24. Bb5 Rf6 25. Qg4 h5 26. Qh4 e5 27. Bg5
Re6 28. Rad1 e4 29. Rfe1 e3 1/2-1/2

[Event "I LIGA CS 2016"]
[Site "Kragujevac"]
[Date "2016.09.14"]
[Round "6.9"]
[White "Jovanovic, Bojan P"]
[Black "Stankovic, Ivan G"]
[Result "0-1"]
[WhiteElo "2236"]
[BlackElo "2293"]
[PlyCount "88"]
[EventDate "2016.??.??"]
[WhiteClock "0:37:51"]
[BlackClock "0:34:30"]

1. b3 c5 2. Bb2 Nc6 3. f4 Nf6 4. Nf3 g6 5. e3 Bg7 6. Be2 O-O 7. O-O d6 8. a3
Rb8 9. Qe1 e6 10. Ra2 b5 11. Nc3 a6 12. Qa1 d5 13. Nd1 Ne8 14. Bxg7 Nxg7 15.
Nf2 f6 16. g4 Qd6 17. g5 fxg5 18. Ng4 gxf4 19. Ng5 Qe7 20. Nh6+ Kh8 21. exf4 e5
22. Ngf7+ Rxf7 23. Nxf7+ Qxf7 24. fxe5 Bf5 25. Bd3 Qe6 26. Bxf5 Nxf5 27. Qc3 c4
28. Raa1 Qxe5 29. Rae1 Qxc3 30. dxc3 Kg7 31. Re6 Rc8 32. Rd1 Kf7 33. Re2 Rd8
34. Red2 Nce7 35. Kf2 Nd6 36. Re2 Re8 37. Rf1 Ne4+ 38. Ke1+ Nf5 39. Rf3 cxb3
40. cxb3 Rc8 41. Rc2 Ke6 42. Rd3 d4 43. Re2 Kd5 44. cxd4 Rc1+ 0-1

[Event "I LIGA CS 2016"]
[Site "Kragujevac"]
[Date "2016.09.14"]
[Round "6.10"]
[White "Milosevic, Aleksandar"]
[Black "Todorovic, Bojan"]
[Result "1/2-1/2"]
[WhiteElo "2269"]
[BlackElo "2348"]
[PlyCount "20"]
[EventDate "2016.??.??"]
[WhiteClock "1:31:49"]
[BlackClock "1:30:26"]

1. Nf3 d5 2. d4 Nf6 3. c4 c6 4. cxd5 cxd5 5. Nc3 a6 6. Bf4 Nc6 7. Rc1 Bf5 8. e3
e6 9. Be2 Be7 10. O-O O-O 1/2-1/2

[Event "I LIGA CS 2016"]
[Site "Kragujevac"]
[Date "2016.09.14"]
[Round "6.11"]
[White "Arandjelovic, Aleksandar Z"]
[Black "Vlahovic, Bogdan"]
[Result "1/2-1/2"]
[WhiteElo "2049"]
[BlackElo "2312"]
[PlyCount "207"]
[EventDate "2016.??.??"]
[WhiteClock "0:04:18"]
[BlackClock "0:10:32"]

1. d4 f5 2. c4 Nf6 3. Nf3 e6 4. Nc3 Bb4 5. Bd2 O-O 6. e3 b6 7. Bd3 Bb7 8. O-O
d6 9. b3 Qe7 10. a3 Bxc3 11. Bxc3 Ne4 12. Bb2 Nd7 13. b4 Ng5 14. Be2 e5 15. d5
Nf7 16. Qc2 Nh6 17. h4 c6 18. Qb3 Nf7 19. g3 c5 20. Qc2 e4 21. Qc3 Nf6 22. Ne1
Ne5 23. Ng2 Bc8 24. Nf4 Ng6 25. h5 Ne5 26. Kg2 Bd7 27. Rh1 a5 28. b5 Kf7 29.
Rh4 Ke8 30. Rah1 Kd8 31. Qc2 Kc7 32. a4 Rg8 33. Bc3 Kb7 34. Qb2 Rae8 35. Rd1
Qf7 36. Rhh1 Nfg4 37. Qd2 Ra8 38. Ne6 Qf6 39. Bxg4 fxg4 40. Nf4 Qf5 41. Bxe5
Qxe5 42. Rb1 Bf5 43. Qb2 Qe7 44. Rbd1 Raf8 45. Qe2 Rf6 46. Rh4 Rgf8 47. Rd2
R8f7 48. Qd1 Qe5 49. Ne6 Bxe6 50. dxe6 Qxe6 51. Qxg4 Qxc4 52. Qxe4+ Qxe4+ 53.
Rxe4 Kc7 54. f4 Kd7 55. Kf3 Re6 56. Rd5 Rfe7 57. Rxe6 Kxe6 58. e4 Rc7 59. f5+
Ke7 60. h6 gxh6 61. Rd3 h5 62. Kf4 c4 63. Rc3 Kf6 64. Ke3 Ke5 65. Rc1 d5 66.
exd5 Kxd5 67. f6 Ke6 68. Rf1 c3 69. Kd3 c2 70. f7 Rxf7 71. Re1+ Kd5 72. Kxc2
Rf2+ 73. Kb1 Kc4 74. Re4+ Kb3 75. Kc1 Rc2+ 76. Kd1 Rc4 77. Re6 Kxa4 78. Rxb6
Rc5 79. Rb7 Rxb5 80. Rxh7 Rc5 81. Rg7 Kb3 82. g4 hxg4 83. Rxg4 Kb2 84. Rd4 Rh5
85. Rd2+ Kc3 86. Rc2+ Kb3 87. Rc7 Rh1+ 88. Kd2 a4 89. Rb7+ Ka2 90. Kc2 Rh2+ 91.
Kc1 a3 92. Rb8 Rb2 93. Ra8 Rb1+ 94. Kc2 Rb5 95. Rc8 Rb2+ 96. Kc1 Rb4 97. Rc7
Ka1 98. Kc2 Rb2+ 99. Kc1 Rb5 100. Kc2 a2 101. Re7 Rb2+ 102. Kc3 Rb1 103. Re2
Rf1 104. Kc2 1/2-1/2

[Event "I LIGA CS 2016"]
[Site "Kragujevac"]
[Date "2016.09.14"]
[Round "6.12"]
[White "Krstic, Ranko"]
[Black "Manic, Ljubomir"]
[Result "1/2-1/2"]
[WhiteElo "2206"]
[BlackElo "2152"]
[PlyCount "21"]
[EventDate "2016.??.??"]
[WhiteClock "1:29:45"]
[BlackClock "1:33:03"]

1. Nf3 Nf6 2. g3 g6 3. Bg2 Bg7 4. O-O O-O 5. c4 d6 6. Nc3 c5 7. d3 Nc6 8. a3 a6
9. Rb1 Rb8 10. b4 cxb4 11. Ra1 1/2-1/2

[Event "I liga CS 2016."]
[Site "Kragujevac,hotel Sumarice"]
[Date "2016.09.14"]
[Round "6.4"]
[White "Chatalbashev, Boris"]
[Black "Ristic, Nenad"]
[Result "0-1"]
[WhiteElo "2542"]
[BlackElo "2416"]
[PlyCount "98"]
[EventDate "2016.09.10"]

1. d4 Nf6 2. c4 g6 3. Nc3 d5 4. cxd5 Nxd5 5. e4 Nxc3 6. bxc3 c5 7. Nf3 Bg7 8.
Rb1 O-O 9. Be2 Nc6 10. d5 Ne5 11. Nxe5 Bxe5 12. Qd2 e6 13. f4 Bg7 14. c4 b6 15.
O-O Bd4+ 16. Kh1 exd5 17. cxd5 f5 18. e5 Qxd5 19. Bf3 Qc4 20. Bb2 Rb8 21. Rbc1
Qxa2 22. Rc2 Qf7 23. Bxd4 Rd8 24. e6 Bxe6 25. Be5 Rxd2 26. Rxd2 Re8 27. Rfd1
Bb3 28. Rb1 Kf8 29. Bc6 Rc8 30. Rd6 Qc4 31. Bd7 Qe4 32. Rg1 Rc7 33. Bxf5 gxf5
34. Rd8+ Ke7 35. Bxc7 c4 36. Rh8 Kd7 37. Rxh7+ Kc6 38. Be5 a5 39. h4 Kb5 40. h5
c3 41. Rc7 c2 42. h6 Qe2 43. Rc3 Bd5 44. Kh2 Qf2 45. Rg3 Qxg1+ 46. Kxg1 c1=Q+
47. Kh2 Qd1 48. Rg5 Qe1 49. Rg3 Qe2 0-1

[Event "I liga CS 2016."]
[Site "Kragujevac,hotel Sumarice"]
[Date "2016.09.14"]
[Round "6.4"]
[White "Ristic, Nebojsa M"]
[Black "Mijailovic, Zoran"]
[Result "1/2-1/2"]
[WhiteElo "2371"]
[BlackElo "2411"]
[PlyCount "31"]
[EventDate "2016.09.10"]

1. d4 Nf6 2. c4 e6 3. Nf3 b6 4. g3 Ba6 5. b3 Bb7 6. Bg2 Bb4+ 7. Bd2 a5 8. O-O
O-O 9. Nc3 d5 10. a3 Be7 11. Qc2 Na6 12. Rfd1 c5 13. dxc5 Nxc5 14. cxd5 Nxd5
15. Bf4 Qc8 16. Be5 1/2-1/2

[Event "I liga CS 2016."]
[Site "Kragujevac,hotel Sumarice"]
[Date "2016.09.14"]
[Round "6.4"]
[White "Radusinovic, Lazar"]
[Black "Rajkovic, Dusan"]
[Result "1-0"]
[WhiteElo "2349"]
[BlackElo "2367"]
[PlyCount "83"]
[EventDate "2016.09.10"]

1. d4 Nf6 2. Nf3 e6 3. g3 b5 4. Bg2 Bb7 5. O-O c5 6. a4 b4 7. c4 cxd4 8. Qxd4
d6 9. b3 Nbd7 10. h3 Nc5 11. Qe3 Be7 12. a5 O-O 13. Bd2 Rb8 14. Nd4 Bxg2 15.
Kxg2 Qd7 16. Qf3 Nfe4 17. Nc2 d5 18. cxd5 Bf6 19. Ra2 Nxd2 20. Nxd2 Bc3 21. Ne4
Nxb3 22. Rd1 Rfc8 23. Nxb4 Nd4 24. Qg4 Nf5 25. Na6 Ra8 26. Nac5 Qe7 27. Nxc3
Rxc5 28. Qb4 Qc7 29. Nb5 Qe7 30. e4 Rac8 31. exf5 Qb7 32. Rb2 Rxd5 33. a6 Qxa6
34. Rxd5 exd5 35. Qd6 Qb7 36. Rc2 Ra8 37. Nc7 d4+ 38. Kh2 Rb8 39. Qxd4 a5 40.
Nd5 h6 41. Rc7 Qb1 42. f6 1-0

[Event "I liga CS 2016."]
[Site "Kragujevac,hotel Sumarice"]
[Date "2016.09.14"]
[Round "6.4"]
[White "Stankovic, Dragan P"]
[Black "Nadj Hedjesi, Balind"]
[Result "1/2-1/2"]
[WhiteElo "2208"]
[BlackElo "2311"]
[PlyCount "50"]
[EventDate "2016.09.10"]

1. g3 d5 2. Nf3 c6 3. Bg2 Nf6 4. d3 Bf5 5. Nbd2 h6 6. b3 e6 7. Bb2 Be7 8. O-O
O-O 9. Qe1 Bh7 10. e4 a5 11. a3 Na6 12. Qe2 b5 13. Ne5 Rc8 14. Rfd1 Qb6 15. h3
Rfd8 16. Kh2 Nc5 17. Qe3 Ncd7 18. Qxb6 Nxb6 19. Bc3 b4 20. axb4 axb4 21. Bd4 c5
22. Bb2 dxe4 23. dxe4 c4 24. bxc4 Bc5 25. Nd3 Bd4 1/2-1/2

[Event "I liga CS 2016."]
[Site "Kragujevac,hotel Sumarice"]
[Date "2016.09.14"]
[Round "6.4"]
[White "Ravic, Nenad"]
[Black "Milosevic, Boban"]
[Result "1/2-1/2"]
[WhiteElo "2282"]
[BlackElo "2283"]
[PlyCount "35"]
[EventDate "2016.09.10"]

1. e4 e5 2. d4 exd4 3. Qxd4 Nc6 4. Qe3 Nf6 5. Nc3 Bb4 6. Bd2 O-O 7. O-O-O Re8
8. Qg3 Rxe4 9. a3 Ba5 10. Bg5 Bxc3 11. Qxc3 d6 12. Nf3 Bd7 13. Bd3 Re8 14. Rhe1
Be6 15. Bb5 a6 16. Bxc6 bxc6 17. Rd4 c5 18. Rd2 1/2-1/2

[Event "I LIGA CS 2016"]
[Site "Kragujevac"]
[Date "2016.09.14"]
[Round "6.13"]
[White "Ivanov, Mikhail M"]
[Black "Ratkovic, Miloje"]
[Result "1-0"]
[WhiteElo "2393"]
[BlackElo "2414"]
[PlyCount "139"]
[EventDate "2016.??.??"]
[WhiteClock "0:01:09"]
[BlackClock "0:24:38"]

1. d4 Nf6 2. c4 d6 3. Nc3 e5 4. dxe5 dxe5 5. Qxd8+ Kxd8 6. Nf3 Be6 7. Nxe5 Bd6
8. Nf3 Bxc4 9. Bg5 Nbd7 10. O-O-O Re8 11. e3 Bxf1 12. Rhxf1 a6 13. Nd5 Kc8 14.
Nxf6 gxf6 15. Bh4 b5 16. Rd5 Be5 17. b3 Nb6 18. Rc5 Kb7 19. Rd1 c6 20. Nxe5
fxe5 21. Rd6 Rac8 22. Bg3 e4 23. Rh5 c5 24. Rxh7 Re7 25. Bh4 Rd7 26. Rxd7+ Nxd7
27. Rxf7 Kc6 28. Re7 c4 29. bxc4 Nc5 30. cxb5+ axb5 31. f4 Kd5 32. Ra7 b4 33.
Kd2 b3 34. axb3 Nxb3+ 35. Ke1 Rc2 36. Kf1 Nd2+ 37. Kf2 Nc4+ 38. Kg3 Nxe3 39.
Kh3 Nxg2 40. Bg3 e3 41. Re7 e2 42. f5 Ra2 43. Kg4 Kd4 44. Bf2+ Kd3 45. Kf3 Ra5
46. Kxg2 Rxf5 47. h4 Kd2 48. Bg3 Kd1 49. Kh3 Rb5 50. Kg4 Rd5 51. h5 Rd4+ 52.
Kf3 Rd3+ 53. Kg2 Rd2 54. Kh3 Rd5 55. Kg4 Rd4+ 56. Kf5 Rd3 57. Bh4 Rd4 58. Re4
Rd5+ 59. Re5 Rd6 60. Kg5 Rd8 61. h6 Rd7 62. Kh5 Kd2 63. Kg6 Rd6+ 64. Bf6 Rd7
65. Be7 Rd3 66. Bb4+ Kd1 67. h7 Rd8 68. Kg7 Rd7+ 69. Kg8 Rd8+ 70. Bf8 1-0

[Event "I LIGA CS 2016"]
[Site "Kragujevac"]
[Date "2016.09.14"]
[Round "6.14"]
[White "Milanovic, Slavisa"]
[Black "Radovanovic, Jovica"]
[Result "1/2-1/2"]
[WhiteElo "2395"]
[BlackElo "2351"]
[PlyCount "103"]
[EventDate "2016.??.??"]
[WhiteClock "0:03:29"]
[BlackClock "0:03:51"]

1. c4 c6 2. Nc3 d5 3. d4 Nf6 4. Nf3 dxc4 5. a4 Bf5 6. e3 e6 7. Bxc4 Bb4 8. O-O
O-O 9. Qb3 c5 10. dxc5 Nc6 11. Nd4 Bxc5 12. Nxf5 exf5 13. Qxb7 Na5 14. Qb5 Bd6
15. Be2 Qc7 16. Qxf5 Bxh2+ 17. Kh1 Be5 18. Nb5 Qe7 19. f4 Bc7 20. Bf3 Rad8 21.
b3 Bb6 22. Ba3 Qxe3 23. Bxf8 Rxf8 24. b4 Nc4 25. a5 Bd8 26. Rae1 Qd2 27. Rd1
Qxb4 28. Rd4 a6 29. Na7 Qxa5 30. Qxa5 Nxa5 31. Rb1 Be7 32. Ra4 Bc5 33. Rxa5
Bxa7 34. Rxa6 Be3 35. g3 h5 36. Rb3 Re8 37. Kg2 h4 38. Raa3 Bc5 39. Ra5 Bd6 40.
Ra6 Bc5 41. g4 Re1 42. Ra2 g5 43. fxg5 Nh7 44. Ra5 Rg1+ 45. Kh2 Rc1 46. g6 fxg6
47. Rb7 Rc2+ 48. Kh1 Rc1+ 49. Kh2 Rc2+ 50. Bg2 Bd6+ 51. Kg1 Bc5+ 52. Kh2
1/2-1/2

[Event "I LIGA CS 2016"]
[Site "Kragujevac"]
[Date "2016.09.14"]
[Round "6.15"]
[White "Begus, Drasko"]
[Black "Blesic, Vaso"]
[Result "1/2-1/2"]
[WhiteElo "2287"]
[BlackElo "2350"]
[PlyCount "43"]
[EventDate "2016.??.??"]
[WhiteClock "0:14:33"]
[BlackClock "0:39:23"]

1. Nf3 Nf6 2. g3 g6 3. b3 Bg7 4. Bb2 O-O 5. Bg2 d5 6. c4 c6 7. O-O Be6 8. d3 a5
9. Nbd2 Na6 10. a3 h6 11. Rc1 Rc8 12. Rc2 Qd7 13. Qa1 Bh3 14. cxd5 Bxg2 15.
Kxg2 cxd5 16. Rfc1 Rxc2 17. Rxc2 Rc8 18. Qc1 Rxc2 19. Qxc2 Qc7 20. Qxc7 Nxc7
21. Bc3 b6 22. Be5 1/2-1/2